000 00651nam a2200205Ia 4500
005 20260704175958.0
008 260704s9999||||xx |||||||||||||| ||und||
020 _a9780062268747
_qpbk
082 _a616.99406
_bTUR
100 _aTurner, Kelly A
245 0 _aRadical remission : surviving cancer against all odds
260 _aNew York
_bHarperOne an imprint of HarperCollins Publishers
_c2015
300 _ax, 318p. ; 20cm.
653 _aCancer — Treatment
653 _aCancer--Patients--Rehabilitation
653 _aCancer--Psychological aspects
653 _aCancer--Psychological aspects
653 _aSelf-care, Health
942 _cBK
999 _c57407
_d57407